| 000 | 00771nab a2200241 u 4500 | ||
|---|---|---|---|
| 001 | 12907 | ||
| 003 | HDC | ||
| 007 | cr bn ---aaaaa | ||
| 008 | 210211c my dr|nes 0 may d | ||
| 040 | _aHDC | ||
| 245 | 0 | _aCMS focuses on brownfield expansion | |
| 260 |
_a[no place] : _b[publisher not identified], _c[no year] |
||
| 336 |
_atext _2rdacontent |
||
| 337 |
_acomputer _2rdamedia |
||
| 338 |
_aonline resource _2rdacarrier |
||
| 650 |
_aBrownfield _913746 |
||
| 650 |
_aBusiness _9207 |
||
| 710 | _aThe Borneo Post Online | ||
| 856 | _zRequest full-text at [email protected] | ||
| 942 | _2lcc | ||
| 942 | _cNEWS | ||
| 942 | _kNWSO 002741 | ||
| 999 |
_c10223 _d10223 |
||